书目信息 |
| 题名: |
当代建筑语言
|
|
| 作者: | 汪克艾林 著 ;王其钧, 制作 | |
| 分册: | ||
| 出版信息: | 北京 机械工业出版社 2007.01 |
|
| 页数: | 377页 | |
| 开本: | 24cm | |
| 丛书名: | ||
| 单 册: | ||
| 中图分类: | TU-0 | |
| 科图分类: | ||
| 主题词: | 建筑艺术--jian zhu yi shu--世界--现代 , 建筑学--理论 | |
| 电子资源: | ||
| ISBN: | 7-111-20655-X | |
| 000 | 01006nam0 2200277 450 | |
| 001 | 012007663574 | |
| 005 | 20091120144847.57 | |
| 010 | @a7-111-20655-X@dCNY49.00 | |
| 100 | @a20070815d2007 km y0chiy0120 ea | |
| 101 | 0 | @achi |
| 102 | @aCN@b110000 | |
| 105 | @aa a 001yy | |
| 200 | 1 | @a当代建筑语言@Adang dai jian zhu yu yan@f汪克艾林著@Fwang ke ai lin zhu@g王其钧制作@Gwang qi jun zhi zuo |
| 210 | @a北京@c机械工业出版社@d2007.01 | |
| 215 | @a377页@c图@d24cm | |
| 312 | @a英文并列题名取自封底。 | |
| 320 | @a有书目和索引。 | |
| 330 | @a本书在介绍了当代建筑语言的功能、空间建构特色之后,又详细介绍了技术(比特语言)、文脉(场所语言)、自然(生态语言)和艺术(内觉语言)即建筑创作的四大源泉。 | |
| 510 | 1 | @aLanguage of contemporary architecture@zeng |
| 606 | 0 | @a建筑艺术@Ajian zhu yi shu@y世界@z现代 |
| 606 | 0 | @a建筑学@x理论 |
| 690 | @aTU-0@v4 | |
| 701 | 0 | @a汪克艾林@Awang ke ai lin@4著 |
| 702 | 0 | @a王其钧,@Awang qi jun@f1954- @4制作 |
| 801 | 0 | @aCN@bQSSK@c20091120 |
| 905 | @dTU-0@eW060 | |
| 当代建筑语言/汪克艾林著/王其钧制作.-北京:机械工业出版社,2007.01 |
| 377页:图;24cm |
| ISBN 7-111-20655-X:CNY49.00 |
| 本书在介绍了当代建筑语言的功能、空间建构特色之后,又详细介绍了技术(比特语言)、文脉(场所语言)、自然(生态语言)和艺术(内觉语言)即建筑创作的四大源泉。 |
| ● |
| 相关链接 |
|
|
|
正题名:当代建筑语言
索取号:TU-0/W060
 
预约/预借
| 序号 | 登录号 | 条形码 | 馆藏地/架位号 | 状态 | 备注 |
| 1 | 245900 | 202459008 | 建筑与城市规划学院资料室/101建筑库 111排1列1层/ [索取号:TU-0/W060] | 在馆 | |
| 2 | 245901 | 202459017 | 建筑库101/101建筑库 20排1列3层/ [索取号:TU-0/W060] | 在馆 | |
| 3 | 245902 | 202459026 | 建筑库101/101建筑库 2排3列3层/ [索取号:TU-0/W060] | 在馆 |